000 00279nam a22001337a 4500
008 170616b xxu||||| |||| 00| 0 eng d
020 _a9780140110890
041 _aeng
080 _a94
100 _a16
101 _aSHH
245 _aMEN OF ZEAL
_cCOHEN,W.S
942 _2udc
_cBK
999 _c17721
_d17721